00521nam a2200205Ia 4500008004100000020001500041050001100056050001600067100001700083245003300100245001500133260001600148260004200164260000900206300001600215300001300231300001100244650003700255650002300292170203s9999 xx 000 0 und d a8174764569 a371.92 b.A245y 2007 aAdvani, Lal. aYou and your special child / cLal Advani aNew Delhi : bUBS Publishers Distributors PVT. Ltd, c2007 a334 pages : b ill. ;  c21 cm. aPeole with mental disabilities.  xSpecial education.